Finanční trhy, váleční piloti a business intelligence

Prostriedok na podporu rozhodovacích cyklov, funkcie a vlastnosti nástroja Business Intelligence (BI) a požiadavky, ktoré musí spĺňať. Fázy rozhodovacieho cyklu BI. Kombinácie vstupných parametrov pre dosiahnutie optimálnych cieľov.

Gespeichert in:
Bibliographische Detailangaben
1. Verfasser: Kyjonka, Vladimír
Format: Buchkapitel
Sprache:Tschechisch
Schlagworte:
Tags: Tag hinzufügen
Keine Tags, Fügen Sie das erste Tag hinzu!

MARC

LEADER 00000naa a2200000 4500
001 0165375
005 20231211082613.8
041 0 |a cze 
044 |a CZ 
245 1 0 |a Finanční trhy, váleční piloti a business intelligence  |c Vladimír Kyjonka 
520 |a Prostriedok na podporu rozhodovacích cyklov, funkcie a vlastnosti nástroja Business Intelligence (BI) a požiadavky, ktoré musí spĺňať. Fázy rozhodovacieho cyklu BI. Kombinácie vstupných parametrov pre dosiahnutie optimálnych cieľov. 
610 2 0 |a business intelligence 
610 2 0 |a prostredie podnikateľské 
610 2 0 |a konkurencia 
610 2 0 |a informácie ekonomické 
610 2 0 |a analýzy 
610 2 0 |a systémy informačné organizácií 
100 1 |a Kyjonka, Vladimír